| 000 | 00790nam a22002537a 4500 | ||
|---|---|---|---|
| 005 | 20140826104946.0 | ||
| 010 | _aENG-110634 | ||
| 020 |
_c585.00 _a9789339212148 |
||
| 020 |
_c585.00 _a9339212142 |
||
| 035 | _aEN-94166 | ||
| 037 | _bDBAD/PUB | ||
| 082 | _a621.319 | ||
| 100 | _aStevenson, William D. | ||
| 245 |
_aElements of power system analysis / _cby William D. Stevenson Jr. |
||
| 250 | _a4th ed | ||
| 260 |
_aNew Delhi _bMcGraw Hill Education _c2014 |
||
| 270 |
_aP-24, Green Park Extn. _bNew Delhi _e110016 |
||
| 300 |
_axii,436p. _c22cm(pbk) |
||
| 490 | _aMcGraw-Hill series in electrical engineering. | ||
| 500 | _aIncludes index | ||
| 650 | _a Electric power distribution. | ||
| 650 | _a Electric power systems. | ||
| 942 |
_2ddc _cEN _mSTE _h621.319 |
||
| 999 |
_c87782 _d87782 |
||